Statistiques concernant Les 100 prénoms les plus attribués entre 1900 et 1909

Cliquez ici pour prendre le quiz!

Statistiques générales

  • Ce quiz a été pris 4 097 fois
  • Le résultat moyen est 52 sur 100

Statistiques - réponses

HintAnswer% Correct
2Jean
97%
1Marie
95%
18Paul
91%
4Louis
90%
5Pierre
89%
74Jacques
84%
3Jeanne
81%
22François
81%
14Louise
80%
95Michel
80%
8Henri
80%
21Charles
77%
100Julie
77%
13Georges
76%
9André
74%
6Marcel
73%
76Françoise
72%
12René
72%
43Lucie
71%
29Anne
71%
26Robert
70%
46Jules
66%
34Léon
66%
24Albert
66%
51Antoine
65%
10Joseph
64%
28Lucien
62%
71Julien
62%
31Henriette
61%
19Maurice
61%
86Pauline
60%
38Raymond
60%
47Andrée
59%
33Renée
59%
39Georgette
59%
80Charlotte
58%
27Roger
57%
48Juliette
57%
20Marcelle
57%
67Victor
57%
92Emilie
56%
23Emile
54%
56Denise
52%
91Alexandre
52%
70Catherine
52%
7Marguerite
51%
32Lucienne
51%
30Maria
50%
60Thérèse
50%
16Madeleine
49%
54Raymonde
49%
36Hélène
48%
73Simone
48%
45Fernand
48%
15Yvonne
47%
40Joséphine
47%
99Elisabeth
47%
52Camille
46%
64Rose
45%
11Germaine
45%
42Auguste
44%
17Suzanne
43%
50Fernande
43%
49Gaston
43%
68Gabriel
42%
66Antoinette
42%
77Edouard
41%
25Marthe
41%
98Etienne
41%
69Elise
39%
61Alfred
39%
89Mathilde
39%
78Alphonse
38%
79Cécile
38%
37Alice
37%
35Eugène
37%
55Anna
37%
94Albertine
36%
97Adrien
36%
62Odette
36%
93Léa
36%
53Gabrielle
35%
75Léonie
35%
96Claire
34%
88Armand
34%
63Augustine
34%
41Berthe
34%
81Geneviève
33%
87Gustave
33%
44Eugénie
32%
90Léontine
30%
83Emilienne
30%
65Ernest
29%
82Edmond
28%
85Adrienne
26%
72Blanche
26%
59Marius
25%
57Angèle
22%
84Marie-Louise
20%
58Simonne
18%

Distribution des résultats

Percentile par nombre de réponses

% des personnes avec chaque résultat

Votre développement - résultats

Vous n’avez pas pris ce quiz